Library Banner

Clinial orthopaedic examination (Record no. 88423)

MARC details
000 -LEADER
fixed length control field 00457nam a22001817a 4500
005 - DATE AND TIME OF LATEST TRANSACTION
control field 20161027112239.0
008 - FIXED-LENGTH DATA ELEMENTS--GENERAL INFORMATION
fixed length control field 161027b xxu||||| |||| 00| 0 eng d
020 ## - INTERNATIONAL STANDARD BOOK NUMBER
International Standard Book Number 9780702033933
040 ## - CATALOGING SOURCE
Transcribing agency PK-LaUMT
082 ## - DEWEY DECIMAL CLASSIFICATION NUMBER
Classification number 617.3
Item number McR-C
100 ## - MAIN ENTRY--PERSONAL NAME
Personal name McRae, Ronald
245 ## - TITLE STATEMENT
Title Clinial orthopaedic examination
Statement of responsibility, etc Ronald McRae
250 ## - EDITION STATEMENT
Edition statement 6th
260 ## - PUBLICATION, DISTRIBUTION, ETC. (IMPRINT)
Place of publication, distribution, etc Edinburgh
Name of publisher, distributor, etc Churchil livingstone elsevier
Date of publication, distribution, etc 2010
300 ## - PHYSICAL DESCRIPTION
Extent 323 p.
546 ## - LANGUAGE NOTE
Language note EN
942 ## - ADDED ENTRY ELEMENTS (KOHA)
Koha item type Books
Holdings
Withdrawn status Lost status Damaged status Home library Current library Date acquired Full call number Barcode Date last seen Price effective from Koha item type
      UMT Health Sciences Campus UMT Health Sciences Campus 2016-10-27 617.3 McR-C 102545 2022-11-28 2016-10-27 Books